Secrets d’instruments (notice n° 1605637)
[ vue normale ]
| 000 -LEADER | |
|---|---|
| fixed length control field | 01657cam a2200181 4500500 |
| 005 - DATE AND TIME OF LATEST TRANSACTION | |
| control field | 20251228095118.0 |
| 041 ## - LANGUAGE CODE | |
| Language code of text/sound track or separate title | fre |
| 042 ## - AUTHENTICATION CODE | |
| Authentication code | dc |
| 100 10 - MAIN ENTRY--PERSONAL NAME | |
| Personal name | Bouit, Delphine |
| Relator term | author |
| 245 00 - TITLE STATEMENT | |
| Title | Secrets d’instruments |
| 260 ## - PUBLICATION, DISTRIBUTION, ETC. | |
| Date of publication, distribution, etc. | 2020.<br/> |
| 500 ## - GENERAL NOTE | |
| General note | 4 |
| 520 ## - SUMMARY, ETC. | |
| Summary, etc. | Fabriquer du papier, traiter la peau… et user du couteau. Découvrons comment un instrument d’écriture, un instrument de musique et un instrument de coupe sont associés dans leur secret de fabrication. Pour cela, revivons leur commune histoire… d’eau ! Chacun de ces instruments ne possèderait-il pas, non pas un, mais deux secrets de fabrication – l’un en rapport avec le temporel, l’autre avec l’éternel ? |
| 520 ## - SUMMARY, ETC. | |
| Summary, etc. | Making paper, treating skins, and using a knife – we shall discover how various devices used for writing, for making music and for cutting are associated in the secret of their trade. But this implies going back to the history of water which they all share. Could it be that every one of these devices has two trade secrets, linked to spheres that are either worldly or eternal? |
| 520 ## - SUMMARY, ETC. | |
| Summary, etc. | Produzir papel, tratar a pele, usar da faca. Descubramos de que modo um utensílio para a escrita, um instrumento de música e um objeto de corte se ligam através do segredo do seu fabrico e de um elemento comum à sua história: a água. Terá cada um destes instrumentos não apenas um, mas dois segredos de fabrico, um relacionado com o tempo, o segundo com a eternidade? |
| 786 0# - DATA SOURCE ENTRY | |
| Note | Sigila | 44 | 2 | 2020-01-10 | p. 143-157 | 1286-1715 |
| 856 41 - ELECTRONIC LOCATION AND ACCESS | |
| Uniform Resource Identifier | <a href="https://shs.cairn.info/revue-sigila-2019-2-page-143?lang=fr&redirect-ssocas=7080">https://shs.cairn.info/revue-sigila-2019-2-page-143?lang=fr&redirect-ssocas=7080</a> |
Pas d'exemplaire disponible.




Réseaux sociaux